[Event "España ch Sel. Autonomicas"]
[Site "Calvia ESP"]
[Date "2007.05.04"]
[Round "2.33"]
[White "Romero Holmes, Alfonso"]
[Black "De La Torre Suarez, Angel"]
[Result "1-0"]
[PlyCount "48"]
[EventDate "2007.05.03"]
[EventType "team"]
[EventRounds "5"]
[EventCountry "ESP"]
[Source "lmi"]
[SourceDate "2007.05.03"]
[WhiteElo "2517"]
[BlackElo "2157"]

1. c4 e6 2. g3 d5 3. Bg2 c5 4. d4 cxd4 5. Nf3 dxc4 6. Qxd4 Qxd4 7. Nxd4 Nf6 8.
Nb5 Na6 9. O-O Bc5 10. Nd2 Ke7 11. Nxc4 Bd7 12. Nc3 Bc6 13. Bxc6 bxc6 14. Na4
Nd5 15. b3 Bd4 16. Ba3+ Ndb4 17. Rac1 Kf6 18. e3 Nxa2 19. exd4 Nxc1 20. Rxc1
Rab8 21. Rc3 Nb4 22. Rf3+ Kg6 23. Ne5+ Kh5 24. g4+ Kh6 1-0

[Event "España ch Sel. Autonomicas"]
[Site "Calvia ESP"]
[Date "2007.05.04"]
[Round "2.34"]
[White "Escobar Felix, Eduardo"]
[Black "Fluvia Poyatos, Jordi"]
[Result "1/2-1/2"]
[PlyCount "69"]
[EventDate "2007.05.03"]
[EventType "team"]
[EventRounds "5"]
[EventCountry "ESP"]
[Source "lmi"]
[SourceDate "2007.05.03"]
[WhiteElo "2142"]
[BlackElo "2478"]

1. e4 d6 2. d4 Nf6 3. Nc3 g6 4. Nf3 Bg7 5. Be2 O-O 6. O-O c6 7. a4 Nbd7 8. h3
Qc7 9. Be3 b6 10. Qd2 Re8 11. Rad1 a6 12. e5 Nd5 13. exd6 exd6 14. Nxd5 cxd5
15. Bd3 Nf6 16. Qb4 Ne4 17. Bf4 Qc6 18. Rfe1 Bd7 19. b3 h6 20. c4 Bf5 21. cxd5
Qxd5 22. Nh4 a5 23. Qb5 Qxb5 24. Bxb5 Red8 25. Bc6 Ra7 26. Bxe4 Bxe4 27. Rxe4
d5 28. Re2 g5 29. Bxg5 hxg5 30. Nf5 Rc7 31. Nxg7 Kxg7 32. Rd3 Rd6 33. Kh2 Kg6
34. g4 Rdc6 35. Kg3 1/2-1/2

[Event "España ch Sel. Autonomicas"]
[Site "Calvia ESP"]
[Date "2007.05.04"]
[Round "2.35"]
[White "Aloma Vidal, Robert"]
[Black "Garcia Ortega Mendez, Jose Manuel"]
[Result "1-0"]
[PlyCount "111"]
[EventDate "2007.05.03"]
[EventType "team"]
[EventRounds "5"]
[EventCountry "ESP"]
[Source "lmi"]
[SourceDate "2007.05.03"]
[WhiteElo "2321"]
[BlackElo "2102"]

1. d4 Nf6 2. Nf3 e6 3. e3 d5 4. Bd3 Be7 5. O-O O-O 6. b3 b6 7. Bb2 Bb7 8. Nbd2
Nbd7 9. Ne5 Ne4 10. Ndf3 f6 11. Nxd7 Qxd7 12. c4 Rad8 13. cxd5 exd5 14. b4 Bd6
15. Qb3 Kh8 16. a4 Qe8 17. b5 Qh5 18. Qd1 Ng5 19. h3 Nxh3+ 20. gxh3 Bc8 21. Ne1
Qxh3 22. f4 Qxe3+ 23. Rf2 Bxf4 24. Qh5 f5 25. Ng2 Qxd3 26. Rxf4 Rde8 27. Qf3
Qxf3 28. Rxf3 Re2 29. Rf2 Rxf2 30. Kxf2 f4 31. Rc1 Rf7 32. Re1 Bd7 33. Re5 c6
34. Bc1 h6 35. bxc6 Bxc6 36. Nxf4 Bxa4 37. Ke3 Bb3 38. Nxd5 Bxd5 39. Rxd5 g5
40. Rd6 Kh7 41. Ke4 b5 42. Bd2 Rb7 43. d5 b4 44. Bc1 b3 45. Bb2 g4 46. Re6 Rf7
47. Kd3 Rf3+ 48. Kc4 Rf2 49. Kxb3 g3 50. Re7+ Kg8 51. Rg7+ Kf8 52. Rxg3 Rd2 53.
Rf3+ Ke8 54. Rf5 Kd7 55. Bc3 Rd1 56. Kc4 1-0

[Event "España ch Sel. Autonomicas"]
[Site "Calvia ESP"]
[Date "2007.05.04"]
[Round "2.36"]
[White "Crespo Ramos, Maria"]
[Black "Llaneza Vega, Patricia"]
[Result "0-1"]
[PlyCount "76"]
[EventDate "2007.05.03"]
[EventType "team"]
[EventRounds "5"]
[EventCountry "ESP"]
[Source "lmi"]
[SourceDate "2007.05.03"]
[WhiteElo "1592"]
[BlackElo "2249"]

1. e4 c5 2. Nc3 Nc6 3. g3 g6 4. Bg2 Bg7 5. d3 e6 6. f4 Nge7 7. Nf3 d6 8. O-O
O-O 9. Be3 Nd4 10. Rb1 Rb8 11. a4 a6 12. Ne2 Nxe2+ 13. Qxe2 Bd7 14. b3 b5 15.
axb5 axb5 16. e5 Nd5 17. Qe1 Nxe3 18. Qxe3 Bc6 19. Rbd1 dxe5 20. Qxc5 Rc8 21.
Qf2 exf4 22. gxf4 Bxf3 23. Qxf3 Rxc2 24. Rc1 Qc7 25. Qd1 Rc8 26. Rxc2 Qxc2 27.
Qxc2 Rxc2 28. Rb1 Bd4+ 29. Kh1 b4 30. h3 Rd2 31. Bf1 Rf2 32. Rc1 Bc3 33. Kg1
Rxf4 34. Kg2 Kg7 35. Kg3 Rf5 36. Bg2 Be5+ 37. Kg4 Rf4+ 38. Kg3 Rc4+ 0-1

[Event "España ch Sel. Autonomicas"]
[Site "Calvia ESP"]
[Date "2007.05.04"]
[Round "2.41"]
[White "Gomez Esteban, Juan Mario"]
[Black "Rodriguez Guerrero, Enrique"]
[Result "0-1"]
[WhiteElo "2508"]
[BlackElo "2446"]
[PlyCount "162"]
[EventDate "2007.05.03"]
[EventType "team"]
[EventRounds "5"]
[EventCountry "ESP"]
[Source "lmi"]
[SourceDate "2007.05.03"]

1. d4 d5 2. c4 c6 3. Nf3 Nf6 4. Qc2 dxc4 5. Qxc4 Bf5 6. g3 e6 7. Bg2 Be7 8. O-O
O-O 9. Nc3 Nbd7 10. e3 b5 11. Qe2 b4 12. Na4 Qa5 13. b3 Be4 14. Bb2 Nb6 15.
Nxb6 axb6 16. Ne5 Bxg2 17. Kxg2 Qd5+ 18. f3 c5 19. Nc4 Qb7 20. dxc5 Bxc5 21.
Bxf6 gxf6 22. Rfd1 Rfd8 23. Rxd8+ Rxd8 24. Rd1 Rxd1 25. Qxd1 Qa7 26. Qd2 Kg7
27. e4 b5 28. Ne5 Be3 29. Nc6 Qc5 30. Qd3 Bg1 31. Qf1 Bxh2 32. Kxh2 Qxc6 33.
Qe2 Qc5 34. Qd2 Qc3 35. Qe2 Qc5 36. Qd2 Kg6 37. Kg2 h5 38. Qd3 Qe5 39. Qd2 Qc3
40. Qe2 Qc5 41. Qd3 f5 42. exf5+ Qxf5 43. Qd8 Qc2+ 44. Kh3 Qf5+ 45. Kg2 Qc5 46.
Qg8+ Kf6 47. Qd8+ Kg6 48. Qg8+ Kf6 49. Qd8+ Kf5 50. Qd3+ Ke5 51. Kh3 Qd5 52.
Qe3+ Kf6 53. Kh4 Kg6 54. Kh3 Qf5+ 55. Kg2 Qc2+ 56. Kh3 Qb1 57. Kg2 Qxa2+ 58.
Kh3 Qb1 59. Kg2 Qc2+ 60. Kh3 Qc3 61. Qe4+ Kg7 62. f4 Qxb3 63. Qe5+ Kf8 64. Qb8+
Kg7 65. Qe5+ f6 66. Qc7+ Kg6 67. Qd7 Qd5 68. Qe8+ Kg7 69. Qe7+ Kg6 70. Qe8+ Kf5
71. Qxh5+ Ke4 72. Qe2+ Kd4 73. Qd2+ Kc5 74. Qe3+ Kc6 75. g4 Qc4 76. Qf3+ Kd6
77. Kh4 b3 78. Qf2 b4 79. Qb6+ Kd5 80. Qb7+ Kd4 81. Qd7+ Kc3 0-1

[Event "España ch Sel. Autonomicas"]
[Site "Calvia ESP"]
[Date "2007.05.04"]
[Round "2.42"]
[White "Fernandez Romero, Ernesto"]
[Black "Argandoña Rivero, Iñigo"]
[Result "0-1"]
[WhiteElo "2437"]
[BlackElo "2400"]
[PlyCount "96"]
[EventDate "2007.05.03"]
[EventType "team"]
[EventRounds "5"]
[EventCountry "ESP"]
[Source "lmi"]
[SourceDate "2007.05.03"]

1. e4 e5 2. Nf3 d6 3. d4 exd4 4. Nxd4 Nf6 5. Nc3 Be7 6. Bf4 O-O 7. Qd2 d5 8. e5
Nh5 9. Bg3 c5 10. Nf3 d4 11. Ne2 Bg4 12. Neg1 Qd5 13. c4 Qe4+ 14. Be2 Bf5 15.
Rd1 Nc6 16. Kf1 Qc2 17. Qxc2 Bxc2 18. Rd2 Bb1 19. a3 g5 20. h3 Nxg3+ 21. fxg3
Rae8 22. Bd3 Bxd3+ 23. Rxd3 Bd8 24. b4 b6 25. Kf2 Nxe5 26. Nxe5 Rxe5 27. Nf3
Re4 28. Re1 f5 29. Nd2 Bc7 30. Rb3 Rxe1 31. Kxe1 Re8+ 32. Kf2 g4 33. Rd3 Re5
34. Nb3 Bd8 35. h4 Bc7 36. Nc1 Kf7 37. Ne2 Re4 38. bxc5 bxc5 39. Nc1 Ke7 40.
Ne2 a6 41. Nc1 Kd7 42. Ne2 Kc6 43. Kf1 Re8 44. Rb3 Rb8 45. Rxb8 Bxb8 46. Ke1
Kb6 47. Kd2 Ka5 48. Kc2 Ka4 0-1

[Event "España ch Sel. Autonomicas"]
[Site "Calvia ESP"]
[Date "2007.05.04"]
[Round "2.43"]
[White "Gonzalez De La Torre, Santiago"]
[Black "Camacho Collados, Jose"]
[Result "1-0"]
[WhiteElo "2388"]
[BlackElo "2308"]
[PlyCount "93"]
[EventDate "2007.05.03"]
[EventType "team"]
[EventRounds "5"]
[EventCountry "ESP"]
[Source "lmi"]
[SourceDate "2007.05.03"]

1. e4 c5 2. Nf3 Nc6 3. d4 cxd4 4. Nxd4 Nf6 5. Nc3 e6 6. Ndb5 Bc5 7. Bf4 O-O 8.
Bd6 Qb6 9. Qd2 Bxd6 10. Nxd6 Qxb2 11. Rb1 Qa3 12. Be2 b6 13. O-O Ba6 14. Rb3
Qa5 15. Bxa6 Qxa6 16. Ncb5 Qa4 17. c4 Qa5 18. Qb2 a6 19. Nb7 Qa4 20. N5d6 Na5
21. Nxa5 bxa5 22. Rg3 Nh5 23. Rg5 Rab8 24. Qd2 g6 25. Rxh5 gxh5 26. Qg5+ Kh8
27. Nxf7+ Rxf7 28. Qe5+ Kg8 29. Qxb8+ Rf8 30. Qg3+ Kh8 31. Qe5+ Kg8 32. Qg5+
Kh8 33. Qe7 Rc8 34. h3 Qxa2 35. Rd1 Qb2 36. e5 Qc2 37. Qf6+ Kg8 38. Rxd7 Qg6
39. Rd8+ Rxd8 40. Qxd8+ Kf7 41. c5 Qb1+ 42. Kh2 Qf5 43. Qd4 Kg6 44. c6 Qc2 45.
Qd8 h4 46. c7 Qc4 47. c8=Q 1-0

[Event "España ch Sel. Autonomicas"]
[Site "Calvia ESP"]
[Date "2007.05.04"]
[Round "2.44"]
[White "Fernandez Siles, Luis"]
[Black "Alonso Arburu, Juan Ignacio"]
[Result "1-0"]
[WhiteElo "2266"]
[BlackElo "2337"]
[PlyCount "83"]
[EventDate "2007.05.03"]
[EventType "team"]
[EventRounds "5"]
[EventCountry "ESP"]
[Source "lmi"]
[SourceDate "2007.05.03"]

1. e4 e5 2. Nf3 d6 3. d4 Nd7 4. Nc3 Ngf6 5. Bc4 Be7 6. O-O O-O 7. Re1 c6 8. a4
Rb8 9. b3 b6 10. Bb2 a6 11. Bd3 Re8 12. Ne2 Qc7 13. Ng3 Bf8 14. Qd2 b5 15. axb5
axb5 16. c3 g6 17. Bc2 c5 18. d5 Nb6 19. h3 Bd7 20. Nh2 Ra8 21. Rxa8 Rxa8 22.
Rf1 Qc8 23. Bc1 Ra2 24. Qd1 Bg7 25. Be3 Qa6 26. Bb1 Ra1 27. f4 exf4 28. Bxf4
Ne8 29. Qf3 f6 30. Ng4 Nc8 31. Bg5 Qa7 32. Nxf6+ Nxf6 33. Bxf6 Be8 34. c4 Ra3
35. e5 bxc4 36. Ne4 Rxb3 37. Qg4 Qd7 38. e6 Qb7 39. Bc2 Qxd5 40. Qf4 Qxe6 41.
Bxg7 Qf5 42. Nf6+ 1-0

[Event "España ch Sel. Autonomicas"]
[Site "Calvia ESP"]
[Date "2007.05.04"]
[Round "2.45"]
[White "Martin Alvarez, Iñigo"]
[Black "Camacho Collados, Marcos"]
[Result "0-1"]
[WhiteElo "2173"]
[BlackElo "2180"]
[PlyCount "126"]
[EventDate "2007.05.03"]
[EventType "team"]
[EventRounds "5"]
[EventCountry "ESP"]
[Source "lmi"]
[SourceDate "2007.05.03"]

1. e4 e5 2. Nf3 Nf6 3. Nxe5 d6 4. Nf3 Nxe4 5. Qe2 Qe7 6. d3 Nf6 7. Bg5 Qxe2+ 8.
Bxe2 Be7 9. Nc3 O-O 10. O-O-O a6 11. Rhe1 h6 12. Bh4 Nc6 13. d4 g5 14. d5 Ne5
15. Bg3 Nfd7 16. Nd4 Re8 17. Nf5 Bf8 18. Ne4 Kh8 19. Bh5 Nb6 20. Bxe5+ Rxe5 21.
Nfg3 Kg7 22. Nc3 Bd7 23. Rxe5 dxe5 24. Re1 Bd6 25. Nge4 f5 26. Nxd6 cxd6 27. f3
Rc8 28. g4 Rc5 29. Rd1 Rc4 30. h3 Rf4 31. Rd3 Kf6 32. Ne2 Ra4 33. Nc3 Rd4 34.
b3 Nc8 35. Kd2 Rxd3+ 36. Kxd3 b5 37. gxf5 Bxf5+ 38. Ne4+ Bxe4+ 39. fxe4 Nb6 40.
Kc3 Nd7 41. a4 bxa4 42. bxa4 Nc5 43. Bf3 Nxa4+ 44. Kb4 Nc5 45. Ka5 Ke7 46. Kb6
Kd8 47. c4 Ke7 48. Ka5 Nb3+ 49. Kxa6 Nd2 50. Be2 Nxe4 51. Kb6 Nc3 52. Bg4 e4
53. Kc6 Na4 54. Bh5 e3 55. Bg4 Nc5 56. Bh5 Nd3 57. Kc7 Nc5 58. Bf3 Ne4 59. Be2
Kf6 60. c5 Nxc5 61. Kxd6 Ne4+ 62. Kc7 Ke5 63. Kc6 Nc3 0-1

[Event "España ch Sel. Autonomicas"]
[Site "Calvia ESP"]
[Date "2007.05.04"]
[Round "2.46"]
[White "Velandrino Gomez, Maria Cielo"]
[Black "Muñoz Perez, Miriam"]
[Result "1/2-1/2"]
[WhiteElo "2034"]
[BlackElo "2080"]
[PlyCount "65"]
[EventDate "2007.05.03"]
[EventType "team"]
[EventRounds "5"]
[EventCountry "ESP"]
[Source "lmi"]
[SourceDate "2007.05.03"]

1. d4 Nf6 2. Bg5 b6 3. Bxf6 exf6 4. Nf3 Bb7 5. Nbd2 g6 6. e3 Bg7 7. Bd3 O-O 8.
O-O f5 9. c4 d6 10. Rc1 Nd7 11. Qc2 Nf6 12. b4 a5 13. a3 axb4 14. axb4 Ra3 15.
Ra1 Qa8 16. Qb2 Ra4 17. Rxa4 Qxa4 18. Ra1 Qd7 19. Qc2 Ra8 20. Rxa8+ Bxa8 21.
Qa2 Bb7 22. Qa7 Qc8 23. d5 b5 24. Qa5 bxc4 25. Bxc4 Qa8 26. Qxc7 Bxd5 27. Bxd5
Nxd5 28. Qc4 Qb7 29. b5 Nc3 30. Qc6 Qxc6 31. bxc6 Nb5 32. Nc4 Kf8 33. c7
1/2-1/2

[Event "España ch Sel. Autonomicas"]
[Site "Calvia ESP"]
[Date "2007.05.04"]
[Round "2.51"]
[White "Cacho Reigadas, Sergio"]
[Black "Gonzalez Arribas, Vidal Alejandro"]
[Result "1-0"]
[WhiteElo "2470"]
[BlackElo "2289"]
[PlyCount "137"]
[EventDate "2007.05.03"]
[EventType "team"]
[EventRounds "5"]
[EventCountry "ESP"]
[Source "lmi"]
[SourceDate "2007.05.03"]

1. Nf3 d5 2. g3 c6 3. Bg2 Nf6 4. O-O Bg4 5. b3 Nbd7 6. Bb2 e6 7. d3 Be7 8. Nbd2
O-O 9. h3 Bxf3 10. Bxf3 Re8 11. e4 dxe4 12. dxe4 e5 13. Nc4 Qc7 14. a4 Bc5 15.
Qd2 Rad8 16. Rad1 Bd4 17. c3 Bc5 18. Qe2 Bf8 19. Bc1 b5 20. Nb2 Nc5 21. b4 Nxa4
22. Nxa4 bxa4 23. Qa6 Ra8 24. Kg2 Qb6 25. Qxa4 a5 26. bxa5 Rxa5 27. Qc2 Rea8
28. Be3 Bc5 29. Rb1 Qa7 30. Bg5 Ne8 31. Rb2 h6 32. Bc1 Nd6 33. Be2 Ra2 34. Bd3
Qa4 35. Qe2 Rxb2 36. Bxb2 Qb3 37. Ra1 Rxa1 38. Bxa1 Nb5 39. Qc2 Qxc2 40. Bxc2
Bb6 41. Ba4 Ba5 42. c4 Nd4 43. Bxd4 exd4 44. Bxc6 d3 45. f4 d2 46. Ba4 Kf8 47.
Kf3 Ke7 48. e5 f6 49. Ke4 fxe5 50. fxe5 Ke6 51. c5 Bc7 52. Bb3+ Ke7 53. Kf5 g6+
54. Ke4 h5 55. Kd5 g5 56. Bd1 h4 57. g4 Kd7 58. c6+ Ke7 59. Ke4 Bb8 60. Kf5 Bc7
61. Ba4 Bb8 62. Kxg5 Bxe5 63. Kxh4 Kd6 64. Kg5 d1=Q 65. Bxd1 Kxc6 66. Kg6 Kd6
67. Kf7 Bf4 68. h4 Ke5 69. g5 1-0

[Event "España ch Sel. Autonomicas"]
[Site "Calvia ESP"]
[Date "2007.05.04"]
[Round "2.52"]
[White "Adell Corts, Francisco"]
[Black "Perez Lopez, Jesus Maria"]
[Result "1/2-1/2"]
[WhiteElo "2218"]
[BlackElo "2261"]
[PlyCount "54"]
[EventDate "2007.05.03"]
[EventType "team"]
[EventRounds "5"]
[EventCountry "ESP"]
[Source "lmi"]
[SourceDate "2007.05.03"]

1. e4 e6 2. d4 d5 3. Nd2 Nc6 4. c3 e5 5. Ngf3 exd4 6. exd5 Qxd5 7. Bc4 Qh5 8.
O-O Bd6 9. h3 dxc3 10. Ne4 Nge7 11. Nxd6+ cxd6 12. Qxd6 Bxh3 13. Ng5 cxb2 14.
Bxf7+ Qxf7 15. Bxb2 Qf5 16. Nxh3 Rd8 17. Qg3 Rd3 18. f3 Rd2 19. Rf2 Qc2 20.
Rxd2 Qxd2 21. Bxg7 Rg8 22. Qg4 Qe3+ 23. Kh1 Kf7 24. Ng5+ Kxg7 25. Qh5 Qd3 26.
Qf7+ Kh8 27. Qf6+ Rg7 1/2-1/2

[Event "España ch Sel. Autonomicas"]
[Site "Calvia ESP"]
[Date "2007.05.04"]
[Round "2.54"]
[White "Bujosa Ribas, Joan"]
[Black "Ruiz Marana, Alejandro"]
[Result "1/2-1/2"]
[WhiteElo "2064"]
[BlackElo "2134"]
[PlyCount "60"]
[EventDate "2007.05.03"]
[EventType "team"]
[EventRounds "5"]
[EventCountry "ESP"]
[Source "lmi"]
[SourceDate "2007.05.03"]

1. e4 d5 2. exd5 Qxd5 3. Nc3 Qd8 4. g3 Nf6 5. Bg2 c6 6. d4 Bg4 7. Nge2 e6 8.
Bf4 Bd6 9. Qd2 Qc7 10. Bxd6 Qxd6 11. a3 Nbd7 12. Qg5 O-O 13. Ne4 Qc7 14. Nxf6+
Nxf6 15. Nf4 Qb6 16. Qc5 Qxb2 17. O-O Rfd8 18. Rab1 Qxd4 19. Qxd4 Rxd4 20. Rxb7
Nd5 21. Nxd5 cxd5 22. Rfb1 Rd1+ 23. Rxd1 Bxd1 24. Rc7 Rb8 25. c4 d4 26. Rxa7
Be2 27. Bf1 d3 28. f4 Kf8 29. Bxe2 dxe2 30. Kf2 Rb2 1/2-1/2

[Event "España ch Sel. Autonomicas"]
[Site "Calvia ESP"]
[Date "2007.05.04"]
[Round "2.55"]
[White "Gonzalez Merino, Alberto"]
[Black "Castell Cantero, Salvador"]
[Result "1-0"]
[WhiteElo "2167"]
[BlackElo "2050"]
[PlyCount "45"]
[EventDate "2007.05.03"]
[EventType "team"]
[EventRounds "5"]
[EventCountry "ESP"]
[Source "lmi"]
[SourceDate "2007.05.03"]

1. d4 Nf6 2. c4 e6 3. Nf3 d5 4. Nc3 c6 5. Bg5 Be7 6. e3 O-O 7. Qc2 Nbd7 8. cxd5
exd5 9. Bd3 h6 10. h4 Re8 11. O-O-O Qa5 12. Bf4 b5 13. Kb1 Nb6 14. Ne5 Bb7 15.
g4 Nbd7 16. g5 Nxe5 17. Bxe5 Nd7 18. gxh6 Nxe5 19. Bh7+ Kh8 20. hxg7+ Kxg7 21.
Rhg1+ Ng6 22. Bxg6 Kf8 23. Qf5 1-0

[Event "España ch Sel. Autonomicas"]
[Site "Calvia ESP"]
[Date "2007.05.04"]
[Round "3.11"]
[White "Lopez Martinez, Josep Manuel"]
[Black "Vallejo Pons, Francisco"]
[Result "1/2-1/2"]
[PlyCount "33"]
[EventDate "2007.05.03"]
[EventType "team"]
[EventRounds "5"]
[EventCountry "ESP"]
[Source "lmi"]
[SourceDate "2007.05.03"]
[WhiteElo "2563"]
[BlackElo "2676"]

1. e4 e5 2. Nf3 Nc6 3. Bb5 Nf6 4. O-O Nxe4 5. d4 Nd6 6. Bxc6 dxc6 7. dxe5 Nf5
8. Qxd8+ Kxd8 9. Nc3 Ne7 10. h3 h6 11. Be3 Nd5 12. Rad1 Be6 13. Nxd5 cxd5 14.
c4 c6 15. Nd4 g6 16. f4 h5 17. f5 1/2-1/2

[Event "España ch Sel. Autonomicas"]
[Site "Calvia ESP"]
[Date "2007.05.04"]
[Round "3.12"]
[White "Bellon Lopez, Juan Manuel"]
[Black "Narciso Dublan, Marc"]
[Result "1/2-1/2"]
[PlyCount "98"]
[EventDate "2007.05.03"]
[EventType "team"]
[EventRounds "5"]
[EventCountry "ESP"]
[Source "lmi"]
[SourceDate "2007.05.03"]
[WhiteElo "2425"]
[BlackElo "2539"]

1. d4 g6 2. e4 Bg7 3. Nc3 d6 4. Be3 c6 5. Qd2 Nd7 6. h4 h6 7. g4 b5 8. a3 a6 9.
f3 Qc7 10. Nge2 e6 11. f4 Bb7 12. Rg1 O-O-O 13. O-O-O Ne7 14. f5 Nb6 15. Ng3 e5
16. Qf2 exd4 17. Bxd4 Bxd4 18. Qxd4 c5 19. Qf6 b4 20. Nb1 d5 21. axb4 dxe4 22.
fxg6 Rxd1+ 23. Kxd1 Rd8+ 24. Kc1 fxg6 25. Nxe4 cxb4 26. Nbd2 Ned5 27. Qe6+ Kb8
28. Rg3 Nf4 29. Qb3 Rd4 30. Qe3 Ne6 31. Nc5 Rxd2 32. Qxd2 Nxc5 33. Re3 a5 34.
Qd4 Nd5 35. Re8+ Ka7 36. Bc4 Qf4+ 37. Qxf4 Nxf4 38. Rh8 h5 39. gxh5 gxh5 40.
Rf8 Ng2 41. Rf5 Kb6 42. Rxh5 a4 43. Bd5 Bxd5 44. Rxd5 Nxh4 45. Rd4 Nf5 46.
Rxb4+ Ka5 47. Rf4 Nd6 48. Kd2 Kb5 49. Rh4 Nf5 1/2-1/2

[Event "España ch Sel. Autonomicas"]
[Site "Calvia ESP"]
[Date "2007.05.04"]
[Round "3.13"]
[White "Romero Holmes, Alfonso"]
[Black "Mascaro March, Pedro"]
[Result "1/2-1/2"]
[PlyCount "39"]
[EventDate "2007.05.03"]
[EventType "team"]
[EventRounds "5"]
[EventCountry "ESP"]
[Source "lmi"]
[SourceDate "2007.05.03"]
[WhiteElo "2517"]
[BlackElo "2371"]

1. d4 Nf6 2. Nf3 e6 3. g3 b6 4. Bg2 Bb7 5. c4 Be7 6. O-O O-O 7. Bf4 d6 8. Qc2
c5 9. dxc5 bxc5 10. Nc3 Nc6 11. Rad1 Qb8 12. Bc1 h6 13. Qb1 Rd8 14. b3 Qc7 15.
Bb2 a6 16. e3 Rab8 17. Rd2 Ng4 18. h3 Nf6 19. Rfd1 Nb4 20. Ne1 1/2-1/2

[Event "España ch Sel. Autonomicas"]
[Site "Calvia ESP"]
[Date "2007.05.04"]
[Round "3.14"]
[White "Calzetta, Monica"]
[Black "Fluvia Poyatos, Jordi"]
[Result "1/2-1/2"]
[PlyCount "39"]
[EventDate "2007.05.03"]
[EventType "team"]
[EventRounds "5"]
[EventCountry "ESP"]
[Source "lmi"]
[SourceDate "2007.05.03"]
[WhiteElo "2340"]
[BlackElo "2478"]

1. e4 c5 2. Nc3 e6 3. Nf3 a6 4. d4 cxd4 5. Nxd4 Qc7 6. Bd3 Nc6 7. Nxc6 bxc6 8.
O-O Nf6 9. b3 Bd6 10. h3 O-O 11. Bb2 Be5 12. Qe2 d5 13. exd5 cxd5 14. Nb5 Bh2+
15. Kh1 axb5 16. Bxf6 gxf6 17. Qg4+ Kh8 18. Qh4 f5 19. Qf6+ Kg8 20. Qg5+
1/2-1/2

[Event "España ch Sel. Autonomicas"]
[Site "Calvia ESP"]
[Date "2007.05.04"]
[Round "3.15"]
[White "Aloma Vidal, Robert"]
[Black "Tattersall Rodriguez, Lester Antonio"]
[Result "1-0"]
[PlyCount "87"]
[EventDate "2007.05.03"]
[EventType "team"]
[EventRounds "5"]
[EventCountry "ESP"]
[Source "lmi"]
[SourceDate "2007.05.03"]
[WhiteElo "2321"]
[BlackElo "2315"]

1. d4 Nf6 2. c4 g6 3. Nc3 Bg7 4. e4 d6 5. Bd3 Nc6 6. Nge2 e5 7. d5 Nd4 8. Nxd4
exd4 9. Nb5 O-O 10. O-O Re8 11. Re1 a6 12. Nxd4 Nxd5 13. Nc2 Ne7 14. Rb1 Nc6
15. f4 a5 16. Bd2 Be6 17. Kh1 Qd7 18. Qf3 Bg4 19. Qg3 f5 20. Bc3 fxe4 21. Bxe4
Bf5 22. Bxf5 Qxf5 23. Ne3 Qf7 24. f5 Nd4 25. fxg6 Qxg6 26. Qxg6 hxg6 27. Nd5 c6
28. Nc7 Rxe1+ 29. Rxe1 Rf8 30. g4 Rf2 31. Re7 Be5 32. Bxd4 Bxd4 33. Ne6 Be5 34.
Re8+ Kh7 35. Kg1 Rxb2 36. h4 Rxa2 37. g5 a4 38. Re7+ Kg8 39. h5 Ra1+ 40. Kg2
Ra2+ 41. Kf3 Ra3+ 42. Ke4 Rc3 43. hxg6 Rxc4+ 44. Kf5 1-0

[Event "España ch Sel. Autonomicas"]
[Site "Calvia ESP"]
[Date "2007.05.04"]
[Round "3.16"]
[White "Serrano Bozada, Esteban"]
[Black "Llaneza Vega, Patricia"]
[Result "0-1"]
[PlyCount "156"]
[EventDate "2007.05.03"]
[EventType "team"]
[EventRounds "5"]
[EventCountry "ESP"]
[Source "lmi"]
[SourceDate "2007.05.03"]
[WhiteElo "2108"]
[BlackElo "2249"]

1. e4 c5 2. Nf3 d6 3. d4 cxd4 4. Nxd4 Nf6 5. Nc3 Nc6 6. Nb3 e6 7. Bd3 Be7 8. f4
O-O 9. O-O a5 10. a4 e5 11. Kh1 Nb4 12. Qe2 Bg4 13. Qf2 Be6 14. Nd2 Ng4 15. Qe2
exf4 16. Nf3 Ne3 17. Bxe3 fxe3 18. Qxe3 Nxd3 19. cxd3 Re8 20. d4 Bf6 21. Qd2
Qb6 22. Rfe1 h6 23. h3 Rac8 24. Rab1 Rc4 25. Nd5 Bxd5 26. exd5 Rec8 27. Rbc1
R4c7 28. Rxc7 Qxc7 29. Re3 Qb6 30. Qe2 g6 31. Re8+ Rxe8 32. Qxe8+ Kg7 33. Qb5
Qc7 34. Kh2 h5 35. h4 Qe7 36. Qxa5 Bxh4 37. Qd2 Bf6 38. Qd3 Qd7 39. b3 Qg4 40.
g3 Bd8 41. b4 h4 42. gxh4 Bxh4 43. a5 Bf2 44. Qe2 Qg3+ 45. Kh1 Qh3+ 46. Nh2
Bxd4 47. Qe4 Be5 48. Qe2 Bc3 49. Qc4 Be5 50. Qe2 Qh4 51. b5 Bxh2 52. Qxh2 Qe1+
53. Qg1 Qxa5 54. Qd4+ Kg8 55. Qc4 Qb6 56. Kg2 Qc5 57. Qd3 Qb4 58. Kf1 Kg7 59.
Kg1 f5 60. Qe2 Qd4+ 61. Kf1 Qe5 62. Qc4 Kf6 63. Qh4+ Kf7 64. Qc4 g5 65. Qc7+
Qe7 66. b6 f4 67. Qc8 Kg6 68. Qg8+ Kh5 69. Qh8+ Kg4 70. Qc8+ Kg3 71. Qe6 Qg7
72. Qxd6 Qa1+ 73. Ke2 Kg2 74. Kd3 Qd1+ 75. Kc4 Qe2+ 76. Kd4 Qe3+ 77. Kc4 f3 78.
Qd7 Qf4+ 0-1

[Event "España ch Sel. Autonomicas"]
[Site "Calvia ESP"]
[Date "2007.05.04"]
[Round "3.21"]
[White "Salgado Lopez, Ivan"]
[Black "Cacho Reigadas, Sergio"]
[Result "1/2-1/2"]
[PlyCount "137"]
[EventDate "2007.05.03"]
[EventType "team"]
[EventRounds "5"]
[EventCountry "ESP"]
[Source "lmi"]
[SourceDate "2007.05.03"]
[WhiteElo "2461"]
[BlackElo "2470"]

1. e4 c5 2. Nf3 e6 3. d4 cxd4 4. Nxd4 a6 5. c4 Nf6 6. Nc3 Qc7 7. a3 b6 8. Be3
Bb7 9. f3 d6 10. Be2 Be7 11. O-O Nbd7 12. Qd2 Rc8 13. Rac1 O-O 14. b4 Rfe8 15.
Kh1 Qb8 16. Bg1 h5 17. Nd1 Bf8 18. Nf2 g6 19. Rb1 d5 20. exd5 exd5 21. c5 bxc5
22. bxc5 Nxc5 23. Rfc1 Nfd7 24. Nd3 Nxd3 25. Bxd3 Rxc1 26. Qxc1 Nc5 27. Bxg6
fxg6 28. Rb6 Qe5 29. Qc2 Bc8 30. Rxg6+ Kh8 31. Qd2 Bg7 32. Rg5 Qe1 33. Rxh5+
Kg8 34. Qg5 Nd3 35. h4 Ne5 36. Rh8+ Kxh8 37. Qh5+ Kg8 38. Qxe8+ Bf8 39. Qxc8
Qxh4+ 40. Qh3 Qxh3+ 41. gxh3 Bxa3 42. Ne6 Nxf3 43. Nc7 d4 44. Nxa6 d3 45. Be3
Bd6 46. Kg2 d2 47. Bxd2 Nxd2 48. Kf2 Kf7 49. Ke3 Nb3 50. Kd3 Ke6 51. Kc4 Nd2+
52. Kb5 Ne4 53. Kc6 Be7 54. Nc7+ Ke5 55. Nd5 Bg5 56. Nb6 Nf2 57. Nc4+ Ke6 58.
Nb6 Nxh3 59. Nd5 Nf2 60. Nc7+ Ke5 61. Nd5 Nd3 62. Nc3 Be7 63. Nd5 Bf8 64. Nc3
Nb4+ 65. Kb5 Kd4 66. Ne2+ Ke3 67. Nc1 Nc2 68. Nb3 Na3+ 69. Kc6 1/2-1/2

[Event "España ch Sel. Autonomicas"]
[Site "Calvia ESP"]
[Date "2007.05.04"]
[Round "3.22"]
[White "Bolado Saez, Sergio"]
[Black "Lariño Nieto, David"]
[Result "1-0"]
[PlyCount "67"]
[EventDate "2007.05.03"]
[EventType "team"]
[EventRounds "5"]
[EventCountry "ESP"]
[Source "lmi"]
[SourceDate "2007.05.03"]
[WhiteElo "2368"]
[BlackElo "2404"]

1. d4 e6 2. Nf3 d5 3. c4 c5 4. cxd5 exd5 5. g3 Nc6 6. Bg2 Nf6 7. O-O Be7 8. Nc3
O-O 9. h3 Ne4 10. Be3 cxd4 11. Nxd4 Nxc3 12. bxc3 Ne5 13. Qb3 Nc4 14. Bf4 Bg5
15. Bxg5 Qxg5 16. Rfd1 Rd8 17. h4 Qe5 18. e4 Bg4 19. Re1 Re8 20. Qxb7 Nb6 21.
f4 Qd6 22. exd5 Rec8 23. Nc6 Qc5+ 24. Kh2 Re8 25. Ne5 Bh5 26. Qc6 Rac8 27. Qxc5
Rxc5 28. Nc6 Rxe1 29. Rxe1 f6 30. d6 Rxc3 31. Ne7+ Kf8 32. Be4 g6 33. f5 Nc4
34. Nd5 1-0